Music Quiz

Random Music or War Quiz

Karina Pasian: 16 @ War Lyrics Quiz Stats

 Plays Quiz not verified by Sporcle

Challenge
Share
Tweet
Embed
Score 0/21 Timer 06:00
0 Plays Today
First Line Second Line % Correct
Ain't no daddies where I'm from???
100%
Why am I disrespected by someone???
100%
I'm sixteen and I shouldn't???
100%
Bad air in my lungs,???
87.5%
It's like a disease ???
87.5%
Around here cool???
87.5%
If he smoke then she smoke???
87.5%
Now what would I do???
87.5%
And why girls feel unpretty and ???
75%
My eyes burning from all???
75%
I'm sixteen and me and my???
75%
First Line Second Line % Correct
I'm sixteen on the block???
75%
I'm sixteen Y O???
75%
I'm so full of promise ???
75%
If i'm a just be rewarded ???
75%
And eyes that still seem???
62.5%
And it's third degree???
62.5%
If my clothes ain't tight???
62.5%
Eyes on the prize ???
62.5%
To him???
62.5%
I'm sixteen every young boy???
50%

You're not logged in!

Compare scores with friends on all Sporcle quizzes.
OR
Log In

You Might Also Like...

Show Comments

Extras

Created Sep 9, 2012ReportNominate
Tags:War Quiz

Top Quizzes Today


Score Distribution

Your Account Isn't Verified!

In order to create a playlist on Sporcle, you need to verify the email address you used during registration. Go to your Sporcle Settings to finish the process.

Report this User

Report this user for behavior that violates our Community Guidelines.

Details: